00329nam a22001097a 4500008004100000100002100041245004800062250001100110260003400121300001000155650005400165240221b |||||||| |||| 00| 0 eng d aCAETANO, Marcelo aMinhas memorias de SalazarcMarcelo Caetano a4 aed. aLisboabEditorial Verboc2000 a814p. aLiteraturaxMemorias, Salazar, Politica, Portugal